000 01019cab a22002415a 4500
001 L158510
008 150402e20150311xxk 000 0 eng d
035 _a(Sirsi) u158510
041 0 _aeng
110 2 _aUnited Kingdom
_kDepartment of Communities and Local government
_96152
245 0 0 _aTenants safer under new government measures
_h[electronic resource]
260 _c2015
490 _aDCLG Press Release
_v11 March 2015
520 _aOutlines proposals requiring private rented sector landlords to install working smoke and carbon monoxide alarms in their properties. The measures are expected to come into force after October 2015 subject to legislation.
590 _aKA
650 2 4 _aSMOKE ALARMS
650 2 4 _aCARBON MONOXIDE ALARMS
651 4 _aEngland
_y886-
690 _aResidential property
_96266
690 _aLandlord and tenant
_96252
856 4 0 _uhttps://www.gov.uk/government/news/tenants-safer-under-new-government-measures
_zView this item free of charge at www.gov.uk
942 _n0
999 _c84613
_d84613